| 000 | 00779cam a22002531 4500 | ||
|---|---|---|---|
| 001 | 11955 | ||
| 003 | BD-RjUL | ||
| 005 | 20211208235217.0 | ||
| 008 | 140127s1958 nyua b 000 0 eng | ||
| 035 | _a(BD-RjUL)12004 | ||
| 040 |
_aDLC _cDLC _dICU _dDLC _dBD-RjUL _beng |
||
| 041 | _aeng | ||
| 082 | 0 | 0 |
_a575.423 _bFIG 1958 |
| 100 | 1 |
_aFisher, Ronald Aylmer, _d1890-1962. _920742 |
|
| 245 | 1 | 4 |
_aThe genetical theory of natural selection / _cRonald Aylmer Fisher, Sir |
| 250 | _a[2d rev. ed.] | ||
| 260 |
_aNew York : _bDover Publications, _cc1958. |
||
| 300 |
_a291 p. : _bill. ; _c21 cm. |
||
| 504 | _aIncludes bibliography. | ||
| 650 | 0 |
_aNatural selection. _936281 |
|
| 942 |
_2ddc _cBK |
||
| 999 |
_c11955 _d11955 |
||